000 00968nam a2200229Ii 4500
003 JO-AjNU
008 230605s9999||||xx |||||||||||||| ||und||
017 _a2006/11/2600
020 _a9957-466-07-0
040 _aJO-AjNU
_bara
_erda
_cJO-AjNU
041 _aara
050 1 4 _aLB1025.3.U24 2006
100 3 _aالعبيدي،هاني إبراهيم شريف مؤلف/الدليمي،طه علي حسين م.مشارك/أبو الرز،جمال حسن مصطفى م.مشارك,
_eauthor
_931122
245 0 0 _aإستراتيجيات حديثة في التدريس والتقويم
250 _aط1
264 3 1 _aعمان:جدارا للكتاب العالمي،2006/إربد:عالم الكتب الحديث،2006
300 _a217ص
336 _atext
_btxt
_2rdacontent
337 _aunmediated
_bn
_2rdamedia
338 _avolume
_bnc
_2rdacarrier
650 4 _aالتدريس-تعليم-طرق تدريس-اختبارات و مقاييس تربوية
_931123
999 _aA12414
_c15982
_d15982